| 000 | 00587nam a2200205Ia 4500 | ||
|---|---|---|---|
| 003 | IN-BaIIA | ||
| 008 | 211028s9999 xx 000 0 eng d | ||
| 040 | _cIIA Library | ||
| 080 |
_a539.2 _bSOL |
||
| 245 | 0 |
_aSolid circuits and microminiaturization _cedited by Dummer G. W. A . |
|
| 260 |
_aOxford _bPergamon Press _c1964 |
||
| 300 | _a346p. | ||
| 650 |
_aCircuits _91974 |
||
| 650 |
_aElectrical engineering _91774 |
||
| 650 |
_aMicrominiaturization _95733 |
||
| 650 | _aNASA thesaurus | ||
| 650 |
_aSolid state device _95734 |
||
| 700 |
_aDummer, G. W. A., ed. _95735 |
||
| 942 | _cBK | ||
| 999 |
_c3228 _d3228 |
||